| 000 | 00339nam a22001457a 4500 | ||
|---|---|---|---|
| 020 | _a81-7133-687-6 | ||
| 082 |
_a591.6 _bSHU/E |
||
| 100 | _aUPADHYAY SHUKLA | ||
| 245 | _aECONOMIC ZOOLOGY | ||
| 250 | _aFOURTH EDITION | ||
| 260 |
_aMEERUT _bRASTOGI PUBLICATIONS _c2003 |
||
| 300 | _a487 | ||
| 650 |
_aBIOLOGY REFERENCE _zINDIA |
||
| 942 | _cBK | ||
| 999 |
_c1363 _d1363 |
||